| 000 | 01117nam a22001457a 4500 | ||
|---|---|---|---|
| 008 | 151015b xxu||||| |||| 00| 0 eng d | ||
| 020 | _a076373421 | ||
| 050 | _aRA441.S56 | ||
| 100 | _aSkolnik, Richard | ||
| 245 |
_aEssentials of global health. / _cRichard Skolnik |
||
| 300 |
_aviii,322p. _bill; (diagrams) _c28cm. |
||
| 500 | _aIncludes index | ||
| 505 | _aContents: Principles, measurements, and the health-development link: The Principles and goals of global health -- Health determinants, measurements, and trends -- Health, Education, poverty, and economy -- Cross-cutting global health themes: Ethical and human rights concerns in global health -- An Introduction to health systems -- Culture and health -- The Burden of disease: The Environment and health -- Nutrition and global health -- Women's health -- Child health -- Communicable diseases -- Non-communicable diseases -- Unintentional injuries -- Working together to improve global health: Natural disasters and complex humanitarian emergencies -- Working together to improve global health -- Science, technology, and global health. | ||
| 942 |
_2lcc _cBK |
||
| 999 |
_c5780 _d13280 |
||